000
00291nam a22001217a 4500
008
180511b xxu||||| |||| 00| 0 eng d
041
_a
eng
080
_a
043.3
100
_a
0
101
_a
SHKI-BTH
245
_a
Analysis of different styles of cloud computing
_c
Lluka,R
942
_2
udc
_c
BK
999
_c
45699
_d
45699